| 000 | 01085cam a22003497a 4500 | ||
|---|---|---|---|
| 001 | 4913322 | ||
| 003 | OSt | ||
| 005 | 20140310181952.0 | ||
| 008 | 940420s1994 nyu 000 0 eng | ||
| 010 | _a 94148252 | ||
| 020 |
_a0553481061 (pbk.) : _c$2.99 |
||
| 040 |
_aDLC _cDLC _dDLC |
||
| 050 | 0 | 0 |
_aPZ 7 _b.St849 1994 |
| 082 |
_aKF _bSt4sv #46 |
||
| 100 | 1 |
_aStewart, Molly Mia. _93765 |
|
| 245 | 1 | 0 |
_aGet the teacher! / _cMolly Mia Stewart. |
| 260 |
_aNew York : _bBantam Books, _cc1994. |
||
| 300 |
_a73 p. : _c19 cm. _bill. ; |
||
| 440 | 0 |
_aSweet Valley kids ; _v46 _94378 |
|
| 541 | _j1 | ||
| 541 | _j2 | ||
| 562 | _e2 | ||
| 650 |
_aFiction. _9746 |
||
| 700 | 1 |
_aPascal, Francine. _93767 |
|
| 700 | 1 |
_aHu, Ying-Hwa. _93768 |
|
| 710 | 2 |
_aBantam Books (Firm) _94379 |
|
| 710 | 2 |
_aCopyright Paperback Collection (Library of Congress) _5DLC _9705 |
|
| 856 | 4 | 2 |
_3Publisher description _uhttp://www.loc.gov/catdir/description/random0413/94148252.html |
| 906 |
_a7 _bcbc _corignew _du _encip _f19 _gy-gencatlg |
||
| 942 |
_2lcc _cBK-KF _kKF |
||
| 999 |
_c7883 _d7883 |
||